Artistes italiens les plus écoutés sur Spotify - Statistiques

Statistiques générales
  • Ce quiz a été pris 71 fois
    48 depuis la dernière actualisation
  • Le résultat moyen est 2 sur 15
Statistiques - réponses
Nb d'auditeurs/mois Artiste % Correct
23 585 000 Måneskin
51%
7 565 000 Laura Pausini
42%
6 955 000 Eros Ramazzotti
38%
9 180 000 Sfera Ebbasta
24%
5 545 000 Andrea Bocelli
22%
5 550 000 Ricchi E Poveri
18%
5 420 000 Baby Gang
11%
6 170 000 Lazza
7%
6 225 000 Gala
2%
10 210 000 Gigi D'Agostino
2%
21 435 000 MEDUZA
2%
15 075 000 Gabry Ponte
0%
8 270 000 Lum!x
0%
6 755 000 Prezioso
0%
5 290 000 The Kolors
0%
Aucun quiz correspondant
Distribution des résultats
% des personnes avec chaque résultat
Percentile par nombre de réponses
Votre historique - résultats
Vous n’avez pas pris ce quiz depuis la dernière actualisation